000 00321nam a2200133Ia 4500
008 191201s2019 xx 000 0 und d
082 _a677.02862
_bHEY
100 _aHEARLE, JWS
245 0 _aYarn Texturing Technology
260 _aN.Delhi
_bTextile Institute
300 _a300
650 _aB.Tech(TE)
942 _2ddc
_cBK
999 _c3877
_d3877